<?xml version="1.0" encoding="UTF-8"?>
<record
    xmlns:xsi="http://www.w3.org/2001/XMLSchema-instance"
    xsi:schemaLocation="http://www.loc.gov/MARC21/slim http://www.loc.gov/standards/marcxml/schema/MARC21slim.xsd"
    xmlns="http://www.loc.gov/MARC21/slim">

  <leader>00488nam a2200145Ia 4500</leader>
  <datafield tag="041" ind1=" " ind2=" ">
    <subfield code="a">Arabic</subfield>
  </datafield>
  <datafield tag="082" ind1=" " ind2=" ">
    <subfield code="a">307.09 cut-926 &#x62E;</subfield>
  </datafield>
  <datafield tag="100" ind1=" " ind2=" ">
    <subfield code="a">20260118u\\\\\\\\\\\y0engy0103\\\\ba</subfield>
  </datafield>
  <datafield tag="100" ind1=" " ind2=" ">
    <subfield code="a">&#x643;&#x645;&#x627;&#x644; &#x62E;&#x64A;&#x627;&#x637;</subfield>
  </datafield>
  <datafield tag="245" ind1=" " ind2="0">
    <subfield code="a">&#x627;&#x644;&#x648;&#x627;&#x642;&#x639; &#x627;&#x644;&#x627;&#x642;&#x62A;&#x635;&#x627;&#x62F;&#x64A; &#x627;&#x644;&#x627;&#x62C;&#x62A;&#x645;&#x627;&#x639;&#x64A; &#x644;&#x645;&#x62D;&#x627;&#x641;&#x638;&#x629; &#x627;&#x644;&#x633;&#x644;&#x64A;&#x645;&#x627;&#x646;&#x64A;&#x629; 2000</subfield>
  </datafield>
  <datafield tag="250" ind1=" " ind2=" ">
    <subfield code="a">&#x637;1</subfield>
  </datafield>
  <datafield tag="260" ind1=" " ind2=" ">
    <subfield code="b">&#x645;&#x643;&#x62A;&#x628; &#x627;&#x644;&#x641;&#x643;&#x631; &#x648;&#x627;&#x644;&#x648;&#x639;&#x64A; &#x641;&#x64A; &#x627;&#x644;&#x627;&#x62A;&#x62D;&#x627;&#x62F; &#x627;&#x644;&#x648;&#x637;&#x646;&#x64A; </subfield>
    <subfield code="a">&#x627;&#x644;&#x633;&#x644;&#x64A;&#x645;&#x627;&#x646;&#x64A;&#x629; - &#x627;&#x644;&#x639;&#x631;&#x627;&#x642;</subfield>
  </datafield>
  <datafield tag="300" ind1=" " ind2=" ">
    <subfield code="a">200</subfield>
  </datafield>
  <datafield tag="942" ind1=" " ind2=" ">
    <subfield code="c">Bk</subfield>
  </datafield>
  <datafield tag="999" ind1=" " ind2=" ">
    <subfield code="c">190348</subfield>
    <subfield code="d">190348</subfield>
  </datafield>
</record>
